000 00881nas a2200289 4500
001 BR0601254
003 BR-BrBNA
005 20231205105913.0
007 ta
008 230509b bl.|||p| |||| 00| 00por d
040 _aBR-BrBNA
_bpor
_cBiblioteca Nacional de Agricultura
041 _a(Pt)
072 _aE16; U10
100 1 _aFreitas, A.R. de
100 1 _aLoibel, S.M.C.
100 1 _aAndrade, M.G. de
100 1 _aVal, J.B.R. do
245 1 _aModelagem do crescimento populacional do rebanho bovino brasileiro
650 _aGADO DE CORTE
650 _aREBANHO
650 _aPRODUÇÃO
650 _aMODELO MATEMÁTICO
650 _aCRESCIMENTO ECONÔMICO
773 0 _tRevista Brasileira de Zootecnia (Brazil)
_xISSN 1516-3598
_g(Nov-Dec 2005), v. 34(6)suplemento p. 2225-2232
_wBR0601254
909 _a202311
_bLúcia
_c55
_dLúcia Elande
942 _2AGRIS
_n0
_cANA
999 _c185280
_d185280